Coleccin̤ Seminarios

Detalles Bibliográficos
Formato: Revista
Lenguaje:español
Publicado: Santiago, Chile : Universidad Diego Portales, 1988-1990
Materias:
Acceso en línea:http://www.vlex.com/source/6769

MARC

LEADER 00000nas a22000007a 4500
005 20130219152824.0
007 cr|||| ||||
008 130219c19881990cl u|p s|||| 0|||b spa d
022 |a 0716-727 X  
035 |a 6769 
040 |a vLex 
090 |c 3683  |d 3683 
245 0 0 |a Coleccin̤ Seminarios  |h [Recurso electrn̤ico] 
256 |a Servicio en ln̕ea 
260 |a Santiago, Chile :  |b Universidad Diego Portales,   |c 1988-1990 
300 |a 1 Recurso electrn̤ico 
650 0 4 |a Derecho constitucional  |z Chile 
740 |a vLex Revistas (Servicio en ln̕ea) 
856 |a Acceso restringido  |u http://www.vlex.com/source/6769 
942 |c REV 
999 0 |a Constitutional law